00251nam a2200097Ia 4500100001800000654001600018245007100034260002800105300000800133546001200141 aMcleish John  aMATHEMATICS aThe story of Numbers : How mathematics has shaped civilization bFawcettaNew Yorkc1991 a266 aENGLISH